000 01344nam a2200385 c 4500
001 22003
003 ES-MaCES
005 20141221122747.0
007 cr |||||||||||
008 090325s2009 fr r i000 | eng d
035 _aCES20090003508m
040 _aES-MaCES
_bspa
_cES-MaCES
041 0 _aeng
_afre
100 1 _aNusche, Deborah
_919794
245 1 0 _aWhat works in migrant education?
_hRecurso electrónico
_b: a review of evidence and policy options
_cby Deborah Nusche
260 _a[Paris]
_bOECD
_c2009
300 _a1 documento pdf
_c(393 kb)
490 1 _aOECD education working papers
_v22
500 _aResumen en inglés y francés
541 _cGratuito
650 4 _amigrante
_928634
650 4 _aeducación para migrantes
_929273
650 4 _asistema educativo
_927375
650 4 _apolítica educativa
_927373
650 4 _anivel educativo
_927448
650 4 _aigualdad de oportunidades
_927183
650 4 _apaís de la OCDE
_929055
653 1 0 _aEducación
710 2 _aOrganización de Cooperación y Desarrollo Económico
_eed.
_94694
830 0 _aOECD education working papers
_v22
_933923
856 4 _uhttp://biblioteca.ces.es/repintra/47-25924.pdf
_ytexto impreso
_z[intranet]
902 _aELE PUB. ELECTRONICA
942 _2CES
_cBK
_h4.0.
999 _c22003
_d22003